Estatutos de la Cámara de Pequeña Industria y Artesanía de Costa Rica
שמור ב:
| מחבר תאגידי: | |
|---|---|
| פורמט: | Texto |
| יצא לאור: |
s.n.t. :
|
| תגים: |
הוספת תג
אין תגיות, היה/י הראשונ/ה לתייג את הרשומה!
|
MARC
| LEADER | 00000 a a2200000 04500 | ||
|---|---|---|---|
| 001 | 17262 | ||
| 003 | |||
| 040 | |a CRAI/IIS |c CRAI/IIS | ||
| 090 | |a 010900 | ||
| 110 | |a Cámara de Pequeña Industria y Artesanía de Costa Rica | ||
| 245 | |a Estatutos de la Cámara de Pequeña Industria y Artesanía de Costa Rica | ||
| 260 | |a s.n.t. : | ||
| 300 | |a 11 p. | ||
| 999 | |c 6302 |d 6302 | ||
